000 00709nam a22002177a 4500
005 20170124110253.0
010 _aA-410612
020 _c00.00
035 _aA-410612
037 _bCen Lib/Ret
040 _aDPL
_bEN
082 _a910.202
_bHOT
110 _aIndia.Federation of Hostel and Restaurant Associations
_9100062
245 _aHotel and restaurant guide India, 1990 /
260 _aNew Delhi
_bFederation of Hostel and Restaurant Association
270 _a406/75-76, Manisha, Nehru Place
_bNew Delhi
_e110019
300 _aVarious paging. :
_c21cm(Hb)
_bcol. ill.
650 _aHotel Management
_9107474
650 _aHotels--India
_917429
942 _2ddc
_cEN
_h910.202
_mHOT
999 _c136011
_d136011